| 000 | 01049nam a2200265Ia 4500 | ||
|---|---|---|---|
| 003 | OSt | ||
| 005 | 20200901114342.0 | ||
| 008 | 191128s2013 ck ad gr 000 0dspa d | ||
| 020 | _a9789586488266 | ||
| 040 |
_aCO-JMCR _cCO-JMCR |
||
| 041 | 0 | _aspa | |
| 082 | 0 | 4 |
_a371.3 / _bT616f _223 |
| 100 | 1 |
_aTobón, Sergio, _eautor _99555 |
|
| 245 | 1 | 0 |
_aFormación Integral y Competencias : _bpensamiento Complejo, Currículo, Didáctica y evaluación / _cSergio Tobón |
| 250 | _aCuarte edición | ||
| 260 |
_aBogotá : _bEco ediciones, _c2013 |
||
| 300 |
_a370 páginas : _bgráficos, diagramas a blanco y negro ; _c24 cm. |
||
| 490 | 0 | _aPedagogía | |
| 500 | _aIncluye datos biográficos del autor en solapa frontal. | ||
| 504 | _aBibliografía : páginas 353-369. | ||
| 505 | 0 | _aFormación humana integral y competencias: el enfoque socioformativo -- Desarrollo histórico del concepto de competencias -- El concepto de competencias. | |
| 650 | 2 | 4 |
_aCompetencias educativas _99556 |
| 650 | 2 | 4 |
_aCurrículo pedagogía _99557 |
| 942 |
_2ddc _cBK |
||
| 999 |
_c4709 _d4709 |
||